000 00328 a2200145 4500
001 151459
040 _cEscola São Tomás de Aquino
240 1 0 _aConversa vai, conversa vem
_lpor
245 1 0 _aConversa vai, conversa vem
300 _a24
362 0 _a1999
440 1 _aFTD
697 _a*LITERATURA INFANTO
942 _cBK
999 _c151459
_d151459